01900cam a22004454i 4500003000900000005001700009008004100026035001900067040003300086082002000119100003400139245007500173250000500248264006300253300002800316336002100344337002500365338002300390490003200413504002800445505030400473526001000777526001000787526001000797526001000807526000800817526000800825526000800833526000800841526000800849526000800857526000800865650004100873942001400914949013400928596000601062999015901068980005501227952017201282PE-LiUPU20250731173126.0150623s r 000 0 d a(Sirsi) a25940 aPE-LiUPUbspacPE-LiUPUerda04a220.63bB132211 aBacchiocchi, Samuele,eautor.10aGod's festivals :bin scripture and history.II /cSamuele Bacchiocchi. b 1aBerrien Springs, Michigan :bBiblical Perspectives,c1996. a285 páginas ;c22 cm. atext2rdacontent aunmediated2rdamedia avolume2rdacarrier0 aBiblical Perspectives ;v12 aIncluye bibliografía.0 aBiblical and festival typology. The feast of trumpets in the Old Testament. The feast of trumpets in the New Testament. The day of atonement in the Old Testament. The day of atonement in the New Testament. The feast of tabernacles in the Old Testament. The feast of tabernacles in the New Testament. aSEG42 aSEG41 aSEG40 aSEG39 aP94 aP87 aP86 aP85 aP77 aP76 aP3504aFestividades religiosasxJudaísmo. 2ddccBOOK a220.63 B13 IIwDEWEYc1i51211lCCODEBUL1mBULp10.00r0sYtBOOKu2015-06-24xTEOLOGIAPP350COMPRAo.STAFF. Colección General a1 a220.63 B13 IIwDEWEYc32917i51211f2021-11-11g4lCCODEBUL1mBULp10.00r0sYtBOOKu2015-6-24xTEOLOGIAPP350COMPRAo.STAFF. Colección Generald32917 81gALBERTO SANCHEZ Responsable de Automatización r2025-12-02 00:00:00i5l0o220.63 B13 IIp51211te1v15.00w2015-06-24xFTyBKzinventario-2023-12-13102ddc50708GENfP35aBULbBULcGENd2015-06-24eCOMPRAg10.00